000 00629nam a22002177a 4500
003 dpl
005 20180910124030.0
008 180727b xxu||||| |||| 00| 0 eng d
010 _aB-39430
020 _a8186208259
_c550.00
035 _aB-093432, B093430
040 _aDPL
_bEN
_c0
082 _a320.011
_bCRI
245 _aCrisis of Governanace /
_ced by Aftab Alam
260 _a Delhi
_bRaj Publications
_c2003
270 _aR-115/2, model town -iii
_bDelhi
_e110009
300 _a274p.;
_c20cm
500 _aincludes Contributors and Index
700 _aAlam, Aftab
942 _2ddc
_cEN
_h320.011
_mCRI
999 _c154940
_d154940